Statistics for Spongebob Squarepants Quotes #1

Click here to take the quiz!

General Stats

  • This quiz has been taken 1,783 times
  • The average score is 7 of 13

Answer Stats

QuoteAnswer% Correct
Once, there was an ___ barnacle. He was so ___ that everyone died. The end!ugly
88%
"Is ________ an instrument?"mayonnaise
87%
"_____ always points to civilization.”moss
83%
"Wow, look at all these mattresses! How many do you think here are?" "___." "Cool."ten
70%
"___________ is not an instrument either."horseradish
61%
See, no one says “cool” anymore. That’s such an old person thing. Now we say _____, as in “That nose job is so ______.”coral
58%
"Am I a _______ ____?" "Well... yes, you're... you're beautiful. "pretty girl
55%
"I'm every bit as good as Larry, and if I'm not, then may I be struck by a ______ ____ ____ _____"flying ice cream truck
42%
" Gary, I'm absorbing his blows like I'm made of some sort of _________ _______."spongy material
35%
"My sandwich tastes like a ______ _____! "My sandwich is a ______ _____!"fried boot
30%
"Heart on ____ MUST DIE!"stick
23%
"April Fools! You _____ _____!"little sausage
15%
"______ ______! I can't take it! It's too cute! It-it's disgusting!butterfly kisses
7%

Score Distribution

Percentile by Number Answered

Percent of People with Each Score

Your Score History

You have not taken this quiz